000 00802nam a22002297a 4500
999 _c7207
_d7207
003 AR-CdUCM
008 190320b ||||| |||| 00| 0 spa d
040 _aMUNICIPALIDAD PROVINCIAL DEL CUSCO
_cBIBLIOTECA MUNICIPAL DEL CUSCO
041 _heng.
082 _a546 /
_bM97
100 _aMurmann, Kent R.
_920315
245 _aCompuestos complejos inorgánicos /
260 _aMadrid :
_bSelecciones científicas,
_c1971.
300 _a145 paginas ;
_c19 cm.
505 _aContenido :Estabilidad termodinámica --Velocidades de reacción --Tipo de enlace --Propiedades y reacciones --Aplicaciones /
650 _aVelocidad
_913538
650 _aEquilibrio
_920316
650 _aEstereoquimica
_920317
700 _aJose Beltran Martinez (traductor)
_920318
942 _2ddc
_cLIBROS
945 _arjall